Artists That Have Worked with Linkin Park - Statistics

General Stats
  • This quiz has been taken 45 times
  • The average score is 3 of 25
Answer Stats
Artist % Correct
Jay-Z
76%
Pusha T
49%
Kiiara
44%
Steve Aoki
37%
Rakim
34%
Stormzy
34%
Busta Rhymes
24%
Jonathan Davis
10%
Black Thought
5%
Marilyn Manson
5%
The Executioners
5%
Aaron Lewis
2%
Bun B
2%
The Lonely Island
2%
Aceyalone
0%
Cody B. Ware
0%
Dj Babu
0%
Kelli Ali
0%
Pharaohe Monch
0%
Phoenix Orion
0%
Planet Asia
0%
Rasco
0%
Ryu
0%
Stephen Richards
0%
Zion
0%
No matching quizzes found
Score Distribution
Percent of People with Each Score
Percentile by Number Answered
Your Score History
You have not taken this quiz